[Event "8eme Open International de La Fere"]
[Site "La Fere (FRA)"]
[Date "2009.07.10"]
[Round "8.20"]
[White "Noordhoek, Henk"]
[Black "Rouffignac, Tanguy"]
[Result "1-0"]
[WhiteElo "2080"]
[BlackElo "1740"]
[PlyCount "105"]
[EventDate "2009.??.??"]

1. Nf3 Nf6 2. g3 d5 3. Bg2 c6 4. d3 Bg4 5. Nbd2 Nbd7 6. h3 Bh5 7. d4 e6 8. O-O
Bd6 9. b3 Qc7 10. Bb2 e5 11. dxe5 Nxe5 12. Nxe5 Bxe5 13. Bxe5 Qxe5 14. Nf3 Qc7
15. Qd4 O-O 16. e3 a6 17. b4 Rfe8 18. Nd2 Bg6 19. Rfc1 Rad8 20. Nb3 Ne4 21. c4
dxc4 22. Qxc4 Nd2 23. Nxd2 Rxd2 24. Rd1 Red8 25. Bf3 Qd7 26. Rxd2 Qxd2 27. Rd1
Qxd1+ 28. Bxd1 Rxd1+ 29. Kg2 h6 30. Qf4 Kh7 31. g4 f6 32. Qc7 Be4+ 33. Kg3 Rg1+
34. Kf4 Bd5 35. Qxb7 Rf1 36. e4 Bxa2 37. Qxa6 Rxf2+ 38. Ke3 Rh2 39. Kd4 Rd2+
40. Kc3 Rh2 41. Qxc6 Rxh3+ 42. Kd4 Rg3 43. Qd7 Bb1 44. Qf5+ Kh8 45. b5 Rd3+ 46.
Kc5 Re3 47. Qc8+ Kh7 48. Qf5+ Kh8 49. Kd5 Rd3+ 50. Ke6 Re3 51. Kf7 Ba2+ 52. Kg6
Bg8 53. Qd7 1-0

[Event "8eme Open International de La Fere"]
[Site "La Fere (FRA)"]
[Date "2009.07.10"]
[Round "8.21"]
[White "Louis, Andre"]
[Black "Daces, Philippe"]
[Result "0-1"]
[WhiteElo "1862"]
[BlackElo "2023"]
[PlyCount "64"]
[EventDate "2009.??.??"]

1. e4 d5 2. exd5 Qxd5 3. Nc3 Qa5 4. d4 Nf6 5. Nf3 Bf5 6. Bd2 e6 7. Bc4 c6 8.
O-O Qc7 9. Re1 Nbd7 10. h3 Bd6 11. d5 Nb6 12. Bb3 cxd5 13. Nxd5 Nfxd5 14. Nh4
Bg6 15. c4 Nf6 16. Nxg6 hxg6 17. Bc3 O-O-O 18. Qf3 Qe7 19. a3 Rh4 20. Be5 Bxe5
21. Rxe5 Rhd4 22. Rc1 Rd3 23. Re3 Qd6 24. Rc3 Rxc3 25. Rxc3 Qd2 26. Bc2 Qc1+
27. Kh2 Qxb2 28. Ba4 Qd2 29. Bc6 Qd6+ 30. g3 Qxc6 31. Qe3 Ng4+ 32. hxg4 Rh8+
0-1

[Event "8eme Open International de La Fere"]
[Site "La Fere (FRA)"]
[Date "2009.07.10"]
[Round "8.22"]
[White "Eeckhout, Jean-Louis"]
[Black "Cozette, Michael"]
[Result "1-0"]
[WhiteElo "1723"]
[BlackElo "2020"]
[PlyCount "115"]
[EventDate "2009.??.??"]

1. d4 Nf6 2. c4 e6 3. Nf3 d5 4. Bg5 Be7 5. Nc3 O-O 6. e3 Nbd7 7. Rc1 h6 8. Bh4
c6 9. cxd5 exd5 10. Bd3 Re8 11. Qc2 Nf8 12. h3 Ne4 13. Bxe7 Qxe7 14. Bxe4 dxe4
15. Nd2 f5 16. O-O Qg5 17. Ne2 Ng6 18. Qc5 Be6 19. b3 Bd5 20. Qd6 Re6 21. Qg3
Qe7 22. Nf4 Nxf4 23. Qxf4 Rf8 24. Rc2 Kh7 25. Nc4 g5 26. Qh2 f4 27. Ne5 f3 28.
g3 h5 29. Kh1 Rh6 30. Rfc1 Be6 31. Rc5 Qd8 32. Kg1 Qc8 33. h4 Rg8 34. hxg5 Rxg5
35. Qh4 Qg8 36. Qxe4+ Kh8 37. Nxf3 Bd5 38. Qf4 Rgg6 39. e4 Rf6 40. Qe5 Qg4 41.
Ng5 Bg8 42. f3 Qd7 43. d5 Qg7 44. dxc6 bxc6 45. f4 Rhg6 46. Kg2 Qd7 47. R1c2
Qg7 48. b4 a6 49. a4 Bb3 50. Rd2 Rd6 51. Nf7+ Bxf7 52. Rxd6 Rxg3+ 53. Kf2 Rg2+
54. Ke3 Rg3+ 55. Kd4 h4 56. Rh6+ Kg8 57. Qxg7+ Kxg7 58. Rg5+ 1-0

[Event "8eme Open International de La Fere"]
[Site "La Fere (FRA)"]
[Date "2009.07.10"]
[Round "8.23"]
[White "Dernoncourt, Christophe"]
[Black "Waquet, Frederic"]
[Result "0-1"]
[WhiteElo "1720"]
[BlackElo "2005"]
[PlyCount "86"]
[EventDate "2009.??.??"]

1. d4 Nf6 2. c4 c5 3. d5 b5 4. b3 bxc4 5. bxc4 g6 6. Bb2 Bg7 7. Nd2 Qa5 8. Ngf3
O-O 9. e3 d6 10. Be2 Nbd7 11. O-O Rb8 12. Nb3 Qa6 13. Qc2 Nb6 14. Nfd2 Nbxd5
15. Rfe1 Nb6 16. a4 Bd7 17. e4 Bxa4 18. Ra3 Qc8 19. Rea1 Qd7 20. Qd3 Rb7 21.
Bf3 Rc7 22. R1a2 Bxb3 23. Rxb3 Qe6 24. Bc3 Nfd7 25. Ba5 Ne5 26. Qc2 Rb7 27.
Bxb6 axb6 28. Ra6 Rfb8 29. Qb1 Nxc4 30. Nxc4 Qxc4 31. Raa3 b5 32. Qd1 b4 33.
Ra5 Qd4 34. Qe2 c4 35. Rb1 Rb6 36. Ra4 Qd3 37. Qe1 b3 38. Be2 Qxe4 39. Rxc4 Qf5
40. Ra4 Bf6 41. h3 b2 42. Qd1 Rc6 43. Bf3 Qxb1 0-1

[Event "8eme Open International de La Fere"]
[Site "La Fere (FRA)"]
[Date "2009.07.10"]
[Round "8.29"]
[White "Dumas, Victor"]
[Black "Auroy, Didier"]
[Result "0-1"]
[WhiteElo "1806"]
[BlackElo "2000"]
[PlyCount "76"]
[EventDate "2009.??.??"]

1. e4 c5 2. Nf3 Nc6 3. d4 cxd4 4. Nxd4 e5 5. Nb5 d6 6. N1c3 a6 7. Na3 b5 8. Nd5
Nge7 9. c4 Nd4 10. Be3 Nxd5 11. cxd5 Be7 12. Bxd4 exd4 13. Qxd4 O-O 14. Bd3 f5
15. O-O Bf6 16. Qb4 f4 17. Nc2 Be5 18. f3 Rf6 19. a4 Rh6 20. h3 a5 21. Qe1 b4
22. Rb1 Qf6 23. b3 Bc3 24. Qf2 Rg6 25. Kh2 Rg3 26. Rh1 Bd7 27. Kg1 Re8 28. Kf1
Re5 29. Ke2 Reg5 30. Rh2 Be5 31. Kd2 Bb2 32. Bf1 Qc3+ 33. Kd1 Qxb3 34. Qd2 Bxa4
35. Bd3 Qa2 36. Rxb2 Qxb2 37. h4 Bxc2+ 38. Bxc2 Qa1+ 0-1

[Event "8eme Open International de La Fere"]
[Site "La Fere (FRA)"]
[Date "2009.07.10"]
[Round "8.30"]
[White "Jimenez, Martin"]
[Black "Feryn, Alexandre"]
[Result "0-1"]
[WhiteElo "1798"]
[BlackElo "1994"]
[PlyCount "92"]
[EventDate "2009.??.??"]

1. d4 Nf6 2. c4 g6 3. Nc3 Bg7 4. e4 d6 5. f4 O-O 6. Nf3 c5 7. d5 e6 8. Bd3 exd5
9. cxd5 Bg4 10. O-O Nbd7 11. h3 Bxf3 12. Qxf3 a6 13. a4 Qc7 14. a5 c4 15. Bc2
Rfe8 16. Be3 Nc5 17. Bf2 Nfd7 18. g4 Rac8 19. Bg3 Nb3 20. Bxb3 cxb3 21. Rfc1
Nc5 22. f5 Qe7 23. Re1 Bxc3 24. bxc3 Nxe4 25. f6 Qxf6 26. Qxf6 Nxf6 27. Rxe8+
Nxe8 28. Be1 Rc5 29. Rb1 Rxa5 30. Rxb3 Ra1 31. Kf2 b5 32. Ke2 Ra2+ 33. Ke3 Kf8
34. Kd3 Rh2 35. h4 Rg2 36. g5 Rg1 37. Bf2 Rd1+ 38. Ke4 f5+ 39. Kf4 Nc7 40. Ra3
Nxd5+ 41. Kf3 Rd3+ 42. Kg2 Rxc3 43. Rxa6 Ke7 44. Ra7+ Rc7 45. Ra8 Kd7 46. Ra5
Rb7 0-1

[Event "8eme Open International de La Fere"]
[Site "La Fere (FRA)"]
[Date "2009.07.10"]
[Round "8.31"]
[White "Derigny, Philippe"]
[Black "Guille, Nicolas"]
[Result "1-0"]
[WhiteElo "1993"]
[BlackElo "1782"]
[PlyCount "76"]
[EventDate "2009.??.??"]

1. e4 e5 2. Nf3 Nc6 3. d4 exd4 4. Nxd4 Bc5 5. Be3 Qf6 6. c3 Nge7 7. g3 O-O 8.
Bg2 Nxd4 9. cxd4 Bb4+ 10. Nc3 d5 11. exd5 Rd8 12. Qb3 Bxc3+ 13. bxc3 Bg4 14.
O-O Qf5 15. c4 b6 16. Bf4 Rd7 17. Rfe1 Ng6 18. Be4 Qh5 19. Bxg6 fxg6 20. Re5
Qh3 21. f3 Bh5 22. Qe3 h6 23. g4 g5 24. Bg3 Bxg4 25. fxg4 Qxg4 26. Rf1 Rf8 27.
Rxf8+ Kxf8 28. Re8+ Kf7 29. Qe6+ Qxe6 30. Rxe6 c5 31. dxc5 bxc5 32. Ra6 Rb7 33.
a3 Rb1+ 34. Kf2 Rc1 35. Rxa7+ Kf6 36. Ra4 Kf5 37. Bd6 Rc2+ 38. Ke3 Rxh2 1-0

[Event "8eme Open International de La Fere"]
[Site "La Fere (FRA)"]
[Date "2009.07.10"]
[Round "8.33"]
[White "Belloc, Sidonie"]
[Black "Hoelting, Siegfried"]
[Result "1/2-1/2"]
[WhiteElo "1792"]
[BlackElo "1920"]
[PlyCount "103"]
[EventDate "2009.??.??"]

1. e4 c5 2. Nf3 d6 3. d4 cxd4 4. Nxd4 Nf6 5. Nc3 a6 6. Be2 e6 7. O-O Qc7 8. Be3
Nbd7 9. Qd2 b5 10. f3 Bb7 11. Rfd1 Be7 12. Rac1 Rc8 13. Kh1 O-O 14. Nb1 Ne5 15.
b3 d5 16. exd5 Nxd5 17. c4 bxc4 18. Bxc4 Nxc4 19. Rxc4 Qe5 20. Rxc8 Rxc8 21.
Bf2 Bc5 22. Rc1 h6 23. a3 Qb8 24. b4 Bb6 25. Bg3 Qa8 26. Nb3 Rd8 27. Qe2 Bc6
28. Bf2 Bb5 29. Qe1 Bc7 30. Nc3 Bf4 31. Ra1 Nxc3 32. Qxc3 Rd3 33. Qc2 Qd5 34.
a4 Be5 35. Re1 Bxa4 36. Rxe5 Rd1+ 37. Re1 Rxe1+ 38. Bxe1 Bxb3 39. Qd2 Qxd2 40.
Bxd2 e5 41. Kg1 f5 42. Bc3 e4 43. fxe4 fxe4 44. Kf2 Kf7 45. Ke3 Bc2 46. h4 g6
47. g3 Ke6 48. Bd2 Kf5 49. Ke2 Kg4 50. Bxh6 Kxg3 51. Bg5 Kg4 52. Ke3 1/2-1/2

[Event "8eme Open International de La Fere"]
[Site "La Fere (FRA)"]
[Date "2009.07.10"]
[Round "8.34"]
[White "Boudier, Eric"]
[Black "Paillard, Maximilien"]
[Result "0-1"]
[WhiteElo "1883"]
[BlackElo "1462"]
[PlyCount "107"]
[EventDate "2009.??.??"]

1. e4 e6 2. c4 Nf6 3. Nc3 d5 4. e5 Nfd7 5. d4 dxc4 6. Bxc4 Nb6 7. Bb3 c5 8. Be3
cxd4 9. Qxd4 Qxd4 10. Bxd4 Bd7 11. Nge2 Nc6 12. O-O Nxd4 13. Nxd4 Bc5 14. Rfd1
Ke7 15. Ne4 Rac8 16. Nd6 Bxd6 17. exd6+ Kf6 18. Rd3 g6 19. Re1 Nc4 20. Bxc4
Rxc4 21. h3 Rhc8 22. b3 Rc3 23. Rd2 h6 24. Nf3 Rc1 25. Kh2 Rxe1 26. Nxe1 e5 27.
Nd3 Ke6 28. Nb4 Bc6 29. Kg3 Rd8 30. f3 Rxd6 31. Rc2 f5 32. Kf2 a5 33. Nxc6 Rxc6
34. Rd2 b5 35. Ke3 Rc3+ 36. Ke2 b4 37. Rb2 g5 38. Rd2 f4 39. Kf2 Kf5 40. Re2 h5
41. Rd2 g4 42. Re2 g3+ 43. Kf1 Rc1+ 44. Re1 Rxe1+ 45. Kxe1 e4 46. fxe4+ Kxe4
47. Ke2 h4 48. Ke1 Ke3 49. Kf1 Kd2 50. Kg1 Ke2 51. Kh1 Kf1 52. a3 bxa3 53. b4
a2 54. bxa5 0-1

[Event "8eme Open International de La Fere"]
[Site "La Fere (FRA)"]
[Date "2009.07.10"]
[Round "8.35"]
[White "Obert, Julien"]
[Black "Vandervorst, Marc"]
[Result "1-0"]
[WhiteElo "1790"]
[BlackElo "1876"]
[PlyCount "89"]
[EventDate "2009.??.??"]

1. e4 e5 2. Nf3 Nc6 3. Bb5 Bc5 4. O-O d6 5. h3 Nf6 6. Re1 O-O 7. c3 a6 8. Ba4
h6 9. d4 exd4 10. cxd4 Bb4 11. Bd2 Bxd2 12. Nbxd2 Bd7 13. Nf1 b5 14. Bc2 Nh5
15. Ne3 g6 16. Qd2 Qc8 17. Kh2 Nf4 18. Nd5 Ne6 19. Nf6+ Kg7 20. Nxd7 Qxd7 21.
d5 Ncd8 22. dxe6 Nxe6 23. Rad1 Rad8 24. Ne5 Qe8 25. Ng4 g5 26. Qc3+ f6 27. Ne3
Rh8 28. Nd5 Qf7 29. Re3 c6 30. Nb4 c5 31. Nd5 b4 32. Qc4 Nd4 33. Rxd4 cxd4 34.
Qxd4 Rhf8 35. Rf3 Qe6 36. Rf5 Rc8 37. Bb3 Kg6 38. Nb6 Qe8 39. Nxc8 Qxc8 40.
Qxd6 a5 41. Rc5 Qe8 42. Be6 h5 43. Bf5+ Kh6 44. Rc7 Rf7 45. Qxf6+ 1-0

[Event "8eme Open International de La Fere"]
[Site "La Fere (FRA)"]
[Date "2009.07.10"]
[Round "8.36"]
[White "Khalfaoui, Mathias"]
[Black "Pavillon, Guillaume"]
[Result "0-1"]
[WhiteElo "1680"]
[BlackElo "1843"]
[PlyCount "60"]
[EventDate "2009.??.??"]

1. e4 d6 2. d4 Nf6 3. Nc3 Nbd7 4. f4 e5 5. dxe5 dxe5 6. Nf3 Bc5 7. Bd3 O-O 8.
f5 c6 9. Bd2 b5 10. h3 Qb6 11. Rf1 a5 12. g4 a4 13. a3 b4 14. axb4 Bxb4 15.
Rxa4 Rxa4 16. Nxa4 Qe3+ 17. Qe2 Bxd2+ 18. Nxd2 Qxh3 19. g5 Qg3+ 20. Qf2 Qxg5
21. Rg1 Qh6 22. Qg2 Qe3+ 23. Kd1 g6 24. Bc4 Kg7 25. Rh1 c5 26. Rh3 Qf4 27. Kc1
Bb7 28. Bd3 c4 29. Rf3 Qh6 30. Be2 Nxe4 0-1

[Event "8eme Open International de La Fere"]
[Site "La Fere (FRA)"]
[Date "2009.07.10"]
[Round "8.39"]
[White "Landon, Boris"]
[Black "Soveaux, Jean"]
[Result "0-1"]
[WhiteElo "1390"]
[BlackElo "1947"]
[PlyCount "100"]
[EventDate "2009.??.??"]

1. d4 d5 2. h3 Nc6 3. Nf3 e6 4. a3 Nf6 5. Nc3 a6 6. Bf4 Be7 7. e3 O-O 8. Be2 b5
9. b4 Nd7 10. O-O Nb6 11. Ne5 Nxe5 12. dxe5 Bb7 13. Qd4 Rc8 14. a4 c5 15. bxc5
Bxc5 16. Qd3 b4 17. Nb1 Nc4 18. Qb3 Nb6 19. a5 Nd7 20. c3 Rb8 21. cxb4 Bc8 22.
b5 axb5 23. Bxb5 Ba6 24. Nc3 d4 25. exd4 Bxd4 26. Rfd1 Rxb5 27. Nxb5 Bxa1 28.
Rxa1 Qb8 29. Qd1 Qxb5 30. Qd4 Nb8 31. Bg3 Nc6 32. Qc3 Ne7 33. f4 Nd5 34. Qc1
Rc8 35. Qd2 h6 36. Kh2 Ne7 37. Bh4 Ng6 38. Bg3 Nf8 39. Bh4 Qb7 40. Qd6 Ng6 41.
Bg3 Qc6 42. Qd2 Ne7 43. h4 Nf5 44. Bf2 Bb7 45. Rg1 Qe4 46. Kh3 h5 47. g4 Qf3+
48. Bg3 Nxg3 49. Rxg3 hxg4+ 50. Kh2 Qh1# 0-1

[Event "8eme Open International de La Fere"]
[Site "La Fere (FRA)"]
[Date "2009.07.10"]
[Round "8.41"]
[White "Casier, Fabrice"]
[Black "Duquenne, Eddy"]
[Result "1-0"]
[WhiteElo "1820"]
[BlackElo "1499"]
[PlyCount "77"]
[EventDate "2009.??.??"]

1. c4 c5 2. Nc3 Nc6 3. g3 a6 4. Bg2 e6 5. e3 Nf6 6. Nge2 Be7 7. O-O d6 8. d4
Bd7 9. d5 Na5 10. b3 O-O 11. Bb2 Rb8 12. Qc2 b6 13. Rad1 Qc7 14. e4 Ng4 15. h3
Ne5 16. f4 Ng6 17. f5 exf5 18. exf5 Ne5 19. Ne4 f6 20. Nf4 b5 21. cxb5 axb5 22.
Ne6 Bxe6 23. dxe6 Rfd8 24. Nc3 Nac6 25. Nd5 Qa7 26. Bc1 Bf8 27. Kh2 Ne7 28. Qe2
N7c6 29. Be3 Ne7 30. Nxe7+ Qxe7 31. Rd5 Nc6 32. Rfd1 Nb4 33. R5d2 Qc7 34. Bf4
Be7 35. Qh5 Bf8 36. g4 Rbc8 37. g5 fxg5 38. Bxg5 Be7 39. Qf7+ 1-0

[Event "8eme Open International de La Fere"]
[Site "La Fere (FRA)"]
[Date "2009.07.10"]
[Round "8.42"]
[White "Belloc, Clemence"]
[Black "Lucas, Bernard"]
[Result "0-1"]
[WhiteElo "1300"]
[BlackElo "1709"]
[PlyCount "76"]
[EventDate "2009.??.??"]

1. e4 e6 2. d4 d5 3. e5 c5 4. c3 Nc6 5. Nf3 Qb6 6. a3 Bd7 7. b4 cxd4 8. cxd4 a5
9. b5 Nd8 10. a4 Bb4+ 11. Nbd2 Bc3 12. Rb1 Bxd4 13. Nxd4 Qxd4 14. Bb2 Qa7 15.
Bd3 Ne7 16. O-O b6 17. f4 Nf5 18. Qe1 O-O 19. Nf3 Rc8 20. Nd4 Nxd4 21. Bxd4 Nb7
22. Qh4 h6 23. Rf3 Nc5 24. Bc2 Ne4 25. Bxe4 dxe4 26. Rg3 Kh8 27. Qg4 Rg8 28.
Bb2 Rc4 29. Ra1 Qc7 30. Qh4 Qc5+ 31. Kh1 Rc2 32. Rg1 Rxb2 33. Rh3 Qb4 34. g4
Rb1 35. Rhg3 Rxg1+ 36. Rxg1 e3 37. g5 Qe4+ 38. Rg2 Kh7 0-1

[Event "8eme Open International de La Fere"]
[Site "La Fere (FRA)"]
[Date "2009.07.10"]
[Round "8.43"]
[White "Brugge, Rodolphe"]
[Black "Siauve, Julien"]
[Result "0-1"]
[WhiteElo "1220"]
[BlackElo "1678"]
[PlyCount "98"]
[EventDate "2009.??.??"]

1. c4 e5 2. Nc3 Nf6 3. d3 Be7 4. Nf3 d6 5. g3 O-O 6. Bg2 Nc6 7. O-O Rb8 8. e4
Re8 9. Bg5 h6 10. Bxf6 Bxf6 11. Nd5 g6 12. Nxf6+ Qxf6 13. Qd2 Qg7 14. Rad1 f5
15. exf5 gxf5 16. Nh4 f4 17. gxf4 Qg4 18. Nf3 exf4 19. Rde1 Bd7 20. Rxe8+ Rxe8
21. h3 Qf5 22. d4 Re7 23. d5 Ne5 24. Nxe5 dxe5 25. f3 Rg7 26. h4 Rg3 27. d6 c6
28. b4 Qh5 29. b5 Qxh4 30. bxc6 bxc6 31. Kf2 Bh3 32. Re1 Rxg2+ 33. Kf1 Rg1+ 34.
Ke2 Bf1+ 35. Rxf1 Rg2+ 36. Kd1 Rxd2+ 37. Kxd2 Kf7 38. Rd1 Ke6 39. Kc2 Kd7 40.
c5 Qf2+ 41. Rd2 Qxc5+ 42. Kb1 h5 43. Rh2 Qg1+ 44. Kb2 Qxh2+ 45. Kb3 Kxd6 46. a4
Kc5 47. Ka3 Kc4 48. a5 Qc2 49. a6 Qb3# 0-1

[Event "8eme Open International de La Fere"]
[Site "La Fere (FRA)"]
[Date "2009.07.10"]
[Round "8.44"]
[White "Honorable, Nicolas"]
[Black "Roux, Jean-Francois"]
[Result "1/2-1/2"]
[WhiteElo "1220"]
[BlackElo "1659"]
[PlyCount "87"]
[EventDate "2009.??.??"]

1. e4 c5 2. Bc4 e6 3. Nc3 Nc6 4. Nf3 a6 5. a4 Bd6 6. d4 cxd4 7. Nxd4 Qc7 8. g3
Nxd4 9. Qxd4 Be5 10. Qd3 Ne7 11. O-O O-O 12. f4 Bd6 13. e5 Bc5+ 14. Kh1 b5 15.
axb5 Bb7+ 16. Ne4 axb5 17. Rxa8 Rxa8 18. Bxb5 Nf5 19. Kg2 d6 20. Kh3 dxe5 21.
Nxc5 Qxc5 22. g4 Nd6 23. c4 Be4 24. Qe3 Qxe3+ 25. Bxe3 Nxb5 26. cxb5 Bd3 27.
Rd1 Bxb5 28. fxe5 h6 29. Kg3 Rb8 30. Bd4 Bc4 31. h4 Rb3+ 32. Bc3 Bd5 33. Rf1
Kf8 34. Rf2 Ke7 35. Kf4 Rb6 36. g5 Rc6 37. gxh6 gxh6 38. Kg4 Bb3 39. Kh5 Rc4
40. Rf6 Bd1+ 41. Kxh6 Rxh4+ 42. Kg7 Rg4+ 43. Kh6 Bb3 44. Bb4+ 1/2-1/2

[Event "8eme Open International de La Fere"]
[Site "La Fere (FRA)"]
[Date "2009.07.10"]
[Round "8.45"]
[White "Herman, Jose"]
[Black "Bouguettouche, Didier"]
[Result "1-0"]
[WhiteElo "1620"]
[BlackElo "1460"]
[PlyCount "87"]
[EventDate "2009.??.??"]

1. e4 e5 2. Nf3 Nc6 3. Bc4 d6 4. d3 Bg4 5. Nbd2 Nd4 6. c3 Nxf3+ 7. Nxf3 Be6 8.
Qb3 Bxc4 9. Qxc4 Be7 10. Qb5+ c6 11. Qxb7 Qc8 12. Qxc8+ Rxc8 13. Be3 a6 14. O-O
Nf6 15. Bg5 O-O 16. Bxf6 Bxf6 17. Nd2 Rb8 18. b4 Rfd8 19. Nc4 d5 20. Na5 Rb6
21. Rfd1 Be7 22. Nb3 d4 23. cxd4 exd4 24. a3 a5 25. Nxa5 c5 26. Nc4 Rbb8 27.
Ne5 Rb6 28. bxc5 Bxc5 29. Rdc1 Bd6 30. Nc4 Rb3 31. Nxd6 Rdb8 32. Rd1 Rb2 33. a4
f5 34. Nxf5 Rf8 35. Rf1 Rb3 36. Nxd4 Rxd3 37. Nf5 g6 38. Ne7+ Kg7 39. a5 Re8
40. Nc6 Rxe4 41. a6 Re8 42. a7 Ra8 43. h3 Rb3 44. Rfb1 1-0

[Event "8eme Open International de La Fere"]
[Site "La Fere (FRA)"]
[Date "2009.07.10"]
[Round "8.47"]
[White "Barbry, Quentin"]
[Black "Van Poucke, Anthony"]
[Result "0-1"]
[WhiteElo "1564"]
[BlackElo "1400"]
[PlyCount "32"]
[EventDate "2009.??.??"]

1. e4 e5 2. Nf3 Nc6 3. Bc4 Nf6 4. Ng5 d5 5. exd5 Na5 6. Bb5+ Bd7 7. Qe2 Bd6 8.
Nf3 O-O 9. Nc3 Nxd5 10. O-O Nf4 11. Qe1 Bf5 12. Nxe5 Bh3 13. gxh3 Qg5+ 14. Ng4
Nxh3+ 15. Kh1 Qxg4 16. d3 Qf3# 0-1

[Event "8eme Open International de La Fere"]
[Site "La Fere (FRA)"]
[Date "2009.07.10"]
[Round "8.48"]
[White "Calonne, Pascal"]
[Black "Cherief, Hicham"]
[Result "1/2-1/2"]
[WhiteElo "1545"]
[BlackElo "1199"]
[PlyCount "117"]
[EventDate "2009.??.??"]

1. e4 e5 2. Nf3 Nc6 3. d4 exd4 4. Bc4 Bc5 5. e5 d6 6. exd6 Qxd6 7. O-O Nge7 8.
Ng5 O-O 9. Ne4 Qe5 10. Re1 Bb6 11. a3 Be6 12. Ng5 Qf6 13. Qd3 Bf5 14. Qd1 h6
15. Nf3 Rad8 16. Bd3 Bg4 17. Nbd2 Nf5 18. Ne4 Qg6 19. Ng3 Rfe8 20. Rxe8+ Rxe8
21. h3 Bxf3 22. gxf3 Nce7 23. Bd2 c5 24. Qe2 Nxg3 25. fxg3 Qxg3+ 26. Qg2 Qxg2+
27. Kxg2 Nf5 28. Kf2 Nd6 29. b3 g5 30. h4 f6 31. Kg3 Kf7 32. Kg4 gxh4 33. Kxh4
Rh8 34. Rg1 Rg8 35. Rh1 h5 36. Bf4 Bc7 37. Bxd6 Bxd6 38. Rf1 Rh8 39. Bc4+ Kf8
40. f4 a6 41. a4 Be7 42. f5 Ke8 43. Re1 Kd7 44. Re6 Rg8 45. Bd5 Rb8 46. Kxh5
Rh8+ 47. Kg6 Rh2 48. Be4 Bd8 49. Bd3 Rg2+ 50. Kh5 Rg7 51. Re4 Rg5+ 52. Kh4 Rxf5
53. Rxd4+ cxd4 54. Bxf5+ Kd6 55. Be4 b6 56. Kg4 Ke5 57. Bd3 a5 58. Kf3 f5 59.
Bc4 1/2-1/2

[Event "8eme Open International de La Fere"]
[Site "La Fere (FRA)"]
[Date "2009.07.10"]
[Round "8.52"]
[White "Adelise, Theo"]
[Black "Legrand, Jean-Pierre"]
[Result "1-0"]
[WhiteElo "1735"]
[BlackElo "1530"]
[PlyCount "105"]
[EventDate "2009.??.??"]

1. e4 c5 2. Nc3 Nc6 3. f4 g6 4. Bc4 Bg7 5. d3 Na5 6. Bb3 Nxb3 7. axb3 d6 8. Nf3
Bd7 9. O-O Bc6 10. Be3 f6 11. Qe2 Nh6 12. h3 Nf7 13. Rae1 O-O 14. h4 e6 15. Qd2
Nh6 16. f5 Ng4 17. fxg6 hxg6 18. Nh2 Nxe3 19. Qxe3 Qb6 20. Kh1 Rf7 21. Qg3 Be8
22. Qxg6 Rf8 23. Qg3 Bh5 24. Ng4 Kh7 25. Ne3 Rg8 26. Qh3 Rae8 27. g4 Bf7 28. g5
Qd8 29. gxf6 Bxf6 30. Ng4 Rg6 31. h5 Rh8 32. hxg6+ Kxg6 33. Rxf6+ Qxf6 34. Nxf6
Rxh3+ 35. Kg2 Rh8 36. Ng4 Kg5 37. Ne3 Rg8 38. Kf2 Kf6 39. Rg1 Rh8 40. Nb5 d5
41. exd5 exd5 42. Nxa7 d4 43. Nc4 Rh2+ 44. Rg2 Rh6 45. Nb5 Bd5 46. Rg3 Rh2+ 47.
Ke1 Rxc2 48. Kd1 Rf2 49. Nba3 Bf3+ 50. Ke1 Re2+ 51. Kf1 Bh5 52. Rh3 Kg5 53.
Rxh5+ 1-0

[Event "8eme Open International de La Fere"]
[Site "La Fere (FRA)"]
[Date "2009.07.10"]
[Round "8.53"]
[White "Vernede, Victor"]
[Black "Rouffignac, Marie"]
[Result "1-0"]
[WhiteElo "1720"]
[BlackElo "1410"]
[PlyCount "73"]
[EventDate "2009.??.??"]

1. d4 d5 2. c4 e6 3. Nc3 Nf6 4. Bf4 Be7 5. Nf3 b6 6. e3 Bb7 7. cxd5 exd5 8. Bd3
Nbd7 9. O-O Nh5 10. Be5 f6 11. Bg3 Nxg3 12. fxg3 O-O 13. Nh4 Qe8 14. Nf5 c5 15.
Qg4 g5 16. Qh3 h5 17. Rae1 c4 18. Bc2 Nb8 19. a3 Na6 20. g4 Nc7 21. gxh5 Bc8
22. h6 Qf7 23. Qg3 Ne8 24. Nxe7+ Qxe7 25. Nxd5 Qe6 26. Nf4 Qd6 27. Ng6 Qxg3 28.
h7+ Kg7 29. hxg3 Rh8 30. Nxh8 Kxh8 31. Bg6 Bd7 32. Bxe8 Rxe8 33. Rxf6 Re7 34.
Ref1 Bb5 35. Rf8+ Kxh7 36. R1f7+ Rxf7 37. Rxf7+ 1-0

[Event "8eme Open International de La Fere"]
[Site "La Fere (FRA)"]
[Date "2009.07.10"]
[Round "8.54"]
[White "Tonneau, Bastien"]
[Black "Fauchart, Francois"]
[Result "0-1"]
[WhiteElo "1199"]
[BlackElo "1653"]
[PlyCount "167"]
[EventDate "2009.??.??"]

1. c4 c5 2. Nf3 Nc6 3. Nc3 e6 4. g3 Nf6 5. Bg2 Be7 6. O-O O-O 7. d3 a6 8. b3 d6
9. e4 h6 10. Re1 e5 11. Nd5 Nxd5 12. exd5 Nb8 13. Be3 Nd7 14. a4 a5 15. Bd2 b6
16. h4 Nf6 17. Nh2 h5 18. Bf3 g6 19. Bh6 Re8 20. Bg5 Nh7 21. Bxe7 Qxe7 22. Kh1
f5 23. Bg2 Nf6 24. f4 Ra7 25. Ra2 Qd8 26. Rae2 Rae7 27. Nf3 e4 28. Ng5 Ng4 29.
Kg1 exd3 30. Qxd3 Rxe2 31. Rxe2 Re7 32. Ne6 Bxe6 33. dxe6 Nf6 34. Bd5 Kg7 35.
Qc3 Qf8 36. Qb2 Kh6 37. Qc3 Ng4 38. Bf3 Qf6 39. Qxf6 Nxf6 40. Rd2 Rxe6 41. Bd5
Re3 42. Kg2 Rxb3 43. Ra2 Nxd5 44. cxd5 Rd3 45. Rb2 Rxd5 46. Rxb6 c4 47. Rb5
Rxb5 48. axb5 c3 49. b6 c2 50. b7 c1=Q 51. b8=Q Qd2+ 52. Kf1 Qd3+ 53. Kf2 Qd4+
54. Kf3 Qd1+ 55. Ke3 Qe1+ 56. Kf3 Qf1+ 57. Ke3 Qg1+ 58. Ke2 Qg2+ 59. Kd1 Qf1+
60. Kd2 Qf2+ 61. Kd1 Qd4+ 62. Ke2 d5 63. Kf3 a4 64. Qa8 Qc3+ 65. Ke2 a3 66.
Qxd5 Qc2+ 67. Ke3 Qe4+ 68. Qxe4 fxe4 69. Kxe4 a2 70. f5 gxf5+ 71. Kxf5 a1=Q 72.
g4 Qa5+ 73. Kf4 Qa4+ 74. Kf5 Qxg4+ 75. Ke5 Qxh4 76. Kf5 Qg4+ 77. Kf6 h4 78. Ke5
h3 79. Kd5 h2 80. Ke5 h1=Q 81. Kd6 Qh2+ 82. Kc5 Qe5+ 83. Kc6 Qg6+ 84. Kd7 0-1

[Event "8eme Open International de La Fere"]
[Site "La Fere (FRA)"]
[Date "2009.07.10"]
[Round "8.55"]
[White "Ruhant, Anthony"]
[Black "Pierret, Paul"]
[Result "1-0"]
[WhiteElo "1648"]
[BlackElo "1495"]
[PlyCount "127"]
[EventDate "2009.??.??"]

1. e4 e5 2. Nc3 Bc5 3. Bc4 a6 4. d3 c6 5. Nf3 d6 6. Ng5 Nh6 7. h3 b5 8. Bb3 a5
9. a3 a4 10. Ba2 Bd4 11. O-O O-O 12. Qh5 Qf6 13. Be3 Be6 14. Nxe6 fxe6 15. Bxh6
gxh6 16. Qg4+ Kh8 17. Bxe6 Qg6 18. Bf5 Qxg4 19. hxg4 Rg8 20. g3 Ra7 21. Kg2 Re7
22. Rae1 Na6 23. Rh1 Nc7 24. Rxh6 Ne8 25. Nd1 Rgg7 26. Reh1 Bb6 27. g5 Bd8 28.
g6 Nf6 29. gxh7 Nxh7 30. Rxd6 Ba5 31. Rxc6 Rc7 32. Rxc7 Bxc7 33. Ne3 Bb6 34.
Nd5 Bd8 35. Nc3 Rb7 36. Rxh7+ Rxh7 37. Bxh7 Kxh7 38. Nxb5 Bg5 39. Nc3 Kg7 40.
Kf3 Bd8 41. Kg4 Kf6 42. f4 exf4 43. gxf4 Ke6 44. Nxa4 Kf6 45. c4 Be7 46. b4 Bd8
47. Nc3 Ke6 48. a4 Be7 49. b5 Bb4 50. Nd5 Be1 51. b6 Bf2 52. a5 Kd7 53. a6 Kc6
54. a7 Bxb6 55. a8=Q+ Kc5 56. Nxb6 Kxb6 57. Qb8+ Ka5 58. Qb7 Ka4 59. c5 Ka5 60.
c6 Ka4 61. c7 Ka5 62. c8=Q Ka4 63. Qcb8 Ka3 64. Qb3# 1-0

[Event "8eme Open International de La Fere"]
[Site "La Fere (FRA)"]
[Date "2009.07.10"]
[Round "8.56"]
[White "Gosset, Hugo"]
[Black "Pruvost, Alain"]
[Result "0-1"]
[WhiteElo "1099"]
[BlackElo "1602"]
[PlyCount "94"]
[EventDate "2009.??.??"]

1. e4 c5 2. Nf3 Qa5 3. Nc3 Nc6 4. Bb5 Nb4 5. a3 a6 6. Bc4 e6 7. d3 Nc6 8. Bf4
Nge7 9. O-O Ng6 10. Be3 Be7 11. Qd2 O-O 12. Bg5 b5 13. Bxe7 Ncxe7 14. Ba2 Bb7
15. Qg5 h6 16. Qxc5 Rac8 17. Qd6 Rfd8 18. Ne5 b4 19. Nxg6 Nxg6 20. Qxb4 Qc7 21.
Bb3 Rb8 22. Qc4 Qf4 23. Na4 Qg5 24. Rfe1 Ne5 25. Qc7 Rdc8 26. Qd6 Nf3+ 27. Kh1
Nxe1 28. Rxe1 Bc6 29. Nc5 Rb6 30. Nxd7 Bxe4 31. Qg3 Qxg3 32. fxg3 Rd6 33. Nf6+
gxf6 34. Rxe4 Rxd3 35. Kg1 Rd1+ 36. Kf2 Rb1 37. Ra4 Rc6 38. Bc4 Rxb2 39. Bxa6
Rcxc2+ 40. Kf3 Rb3+ 41. Kg4 Rcc3 42. Kh4 Rxa3 43. Rg4+ Kh7 44. Bb5 Ra8 45. Rd4
f5 46. Rd7 Kg7 47. Re7 Kf6 0-1